00321nam a2200121Ia 4500008004100000041000800041082001400049100001800063245004500081260003100126300003100157365001100188240624s9999 xx 000 0 und d aeng a808.5 GIB aGIBBONS BARRY aSPEAK EASY DAZZLE YOUR AUDIENCE WITH STU c2006aDelhibPearson Power axvi, : 240 : p. : cm. ; 21 cRSb20